Statistiques concernant Focus sur: Alice Londubat - Harry Potter

Cliquez ici pour prendre le quiz!

Statistiques générales

  • Ce quiz a été pris 198 fois
  • Le résultat moyen est 6 sur 7

Statistiques - réponses

Informations recherchéesRéponses% Correct
FilsNeville Londubat
100%
Ecole fréquentéePoudlard
99%
Statut du sangSang-Pur
99%
ÉpouxFrank Londubat
91%
Première mentionHarry Potter et la Coupe de Feu
90%
ProfessionAuror
88%
Actrice l'interprétant dans les filmsLisa Wood
15%

Distribution des résultats

Percentile par nombre de réponses

% des personnes avec chaque résultat

Votre développement - résultats

Vous n’avez pas pris ce quiz